000 01390cam a22003734a 4500
001 14806052
003 OSt
005 20260429171314.0
008 070412s2005 pl a 000 0bpol
010 _a 2007419249
020 _a9783822859797
035 _a14806052
040 _aDLC
_cFoundation University
041 1 _apol
_hger
043 _ae-it---
050 0 0 _aN 6923
_bZ55 2005
100 1 _aZöllner, Frank.
_915731
245 1 0 _aLeonardo da Vinci :
_b1452-1519 /
_cFrank Zöllner ; [tłumaczenie, Anna Cichowicz].
246 1 4 _aLeonardo
260 _aWarszawa :
_bEdipresse Polska ;
_aKöln :
_bTaschen,
_c2005.
264 _42005
300 _a96 p. :
_bill. ;
_c23 cm.
_3books
_fbooks
336 _atext
_btxt
_2rdacontent
_3books
337 _aunmediated
_bn
_2rdamedia
_3books
338 _avolume
_bnc
_2rdacarrier
_3books
600 0 0 _aLeonardo,
_cda Vinci,
_d1452-1519.
_912614
650 0 _aArtists
_zItaly
_vBiography.
_912615
655 7 _aBiographies.
_2lcgft
_0https://id.loc.gov/authorities/genreForms/gf2014026049
_912143
700 0 _aLeonardo,
_cda Vinci,
_d1452-1519.
_912614
906 _a7
_bcbc
_corigres
_d3
_encip
_f20
_gy-gencatlg
942 _2lcc
_cBK
_hN 6923
_i.2005 Z55
_k(DAFA-FA)
999 _c5824
_d5824